000 00276nam a2200109Ia 4500
008 220204s9999 xx 000 0 und d
082 _a362.178
_bKUM
100 _aKumudini Dandekar
245 0 _aCommunication in family planning
260 _aPoona
_bGokhale
_c1967
942 _cBK
999 _c20774
_d20774